| 000 | 00690nam a2200205 a 4500 | ||
|---|---|---|---|
| 001 | 000048244 | ||
| 005 | 20201002061021.0 | ||
| 008 | 181210s2016 dr 000 p spa d | ||
| 020 | _a9789945581843 | ||
| 040 |
_aDO-SdBNP _bspa _cBNPHU |
||
| 082 |
_axxxx _bO61L |
||
| 100 | 1 |
_aOperé, Fernando, _d1946- _975682 |
|
| 245 | 1 | 0 |
_aLiturgia del atardecer : _bpoesía / _cFernando Operé Santillana. |
| 260 |
_aSan Juan, Puerto Rico _aSanto Domingo : _bBúho, _bIsla Negra Editores, _c2016. |
||
| 300 |
_a81 p. ; _c22 p. |
||
| 490 | 1 | _aFilo de juego | |
| 500 | _aIncluye datos biográficos del autor en la solapa de la cubierta | ||
| 590 | _aInventariado, 2019/LP | ||
| 830 | 0 |
_aFilo de juego _91014 |
|
| 999 |
_c47732 _d47732 |
||